[Event "Hessenliga 1921"]
[Site "Hessen"]
[Date "2019.11.10"]
[Round "3.6"]
[White "Sunder, Thomas"]
[Black "Artola Pola, Gerardo"]
[Result "1-0"]
[WhiteElo "2188"]
[BlackElo "2010"]
[PlyCount "61"]
[EventDate "2019.09.22"]
[EventType "team-tourn"]
[EventRounds "9"]
[EventCountry "GER"]
[SourceTitle "EXT 2024"]
[Source "ChessBase"]
[SourceDate "2023.10.10"]
[SourceVersion "1"]
[SourceVersionDate "2023.10.10"]
[SourceQuality "1"]
[WhiteTeam "Giessen"]
[BlackTeam "Frankfurt TV"]
[WhiteTeamCountry "GER"]
[BlackTeamCountry "GER"]

1. e4 d6 2. g3 Nf6 3. Bg2 g6 4. Ne2 Bg7 5. 0-0 0-0 6. h3 Nbd7 7. c4 Rb8 8. Nbc3 a6 9. d3 b5 10. cxb5 axb5 11. Nd4 Bb7 12. Ndxb5 c6 13. Na3 Ba6 14. Qc2 Ne5 15. Rd1 Qb6 16. d4 Ned7 17. Rb1 Rfc8 18. Be3 Qb4 19. Qc1 Qa5 20. Nc2 c5 21. e5 Ne8 22. exd6 exd6 23. dxc5 Bxc3 24. bxc3 Qxc3 25. Rxb8 Rxb8 26. Bd4 Qc4 27. c6 Nc5 28. Ne3 Qxa2 29. Nd5 Ne6 30. Qh6 Rb1 31. Ne7# 1-0

[Event "Dortmund Sparkassen op 47th"]
[Site "Dortmund"]
[Date "2019.07.20"]
[Round "8"]
[White "Artola Pola, Gerardo"]
[Black "Farokhi, Keyvan"]
[Result "1/2-1/2"]
[WhiteElo "2031"]
[BlackElo "1946"]
[PlyCount "84"]
[EventDate "2019.07.13"]
[EventType "swiss"]
[EventRounds "9"]
[EventCountry "GER"]
[SourceTitle "EXT 2020"]
[Source "ChessBase"]
[SourceDate "2019.10.17"]
[SourceVersion "1"]
[SourceVersionDate "2019.10.17"]
[SourceQuality "1"]

1. e4 c6 2. d4 d5 3. e5 c5 4. c4 cxd4 5. Nf3 Bg4 6. Qxd4 Bxf3 7. gxf3 dxc4 8. Qxd8+ Kxd8 9. Bxc4 e6 10. Be3 Nc6 11. f4 Nh6 12. Nc3 Bb4 13. 0-0-0+ Ke8 14. Nb5 Rc8 15. Kb1 Nf5 16. a3 Nxe3 17. fxe3 Be7 18. Bb3 a6 19. Nc3 Na5 20. Ka2 Nxb3 21. Kxb3 Bc5 22. Rd3 Ke7 23. Rhd1 Rhd8 24. Kc2 Rxd3 25. Rxd3 Rd8 26. Rxd8 Kxd8 27. Kd3 Kd7 28. Ne4 Be7 29. a4 b6 30. Kc4 Kc6 31. b3 h6 32. h3 b5+ 33. axb5+ axb5+ 34. Kd4 f5 35. exf6 gxf6 36. Nf2 Bc5+ 37. Ke4 f5+ 38. Kd3 Kd5 39. e4+ fxe4+ 40. Nxe4 Be7 41. Nc3+ Kc5 42. Ne2 Bf6 1/2-1/2

[Event "Hofheim Spring op 7th"]
[Site "Hofheim"]
[Date "2019.04.27"]
[Round "9"]
[White "Artola Pola, Gerardo"]
[Black "Humburg, Philipp"]
[Result "0-1"]
[WhiteElo "1975"]
[BlackElo "2244"]
[PlyCount "168"]
[EventDate "2019.04.23"]
[EventType "swiss"]
[EventRounds "9"]
[EventCountry "GER"]
[SourceTitle "CBM 190 Extra"]
[Source "ChessBase"]
[SourceDate "2019.07.15"]
[SourceVersion "1"]
[SourceVersionDate "2019.07.15"]
[SourceQuality "1"]

1. e4 c5 2. g3 d5 3. exd5 Qxd5 4. Nf3 Bg4 5. Be2 Nc6 6. h3 Bh5 7. Nc3 Qd7 8. g4 Bg6 9. d3 e6 10. Be3 Nf6 11. Nh4 Be7 12. Nxg6 hxg6 13. Bf3 Nd4 14. Bg2 Rd8 15. Qd2 b5 16. 0-0-0 b4 17. Ne2 a5 18. Kb1 a4 19. g5 Nh5 20. Bxd4 cxd4 21. Ng3 Rc8 22. Rc1 a3 23. b3 Qc7 24. Ne4 Nf4 25. Rcg1 Rh4 26. Bf1 f5 27. gxf6 gxf6 28. f3 f5 29. Nf2 Kf7 30. Nd1 Bf6 31. Rh2 Be7 32. Qf2 Qe5 33. Rg3 Rhh8 34. Rg1 Bh4 35. Qd2 Be1 36. Qc1 Rc6 37. h4 Bxh4 38. Rgh1 g5 39. Nf2 Bxf2 40. Rxh8 Be3 41. R1h7+ Kf6 42. Rh6+ Ng6 43. f4 Bxf4 44. Qd1 g4 45. Be2 Bxh6 46. Rxh6 Rc8 47. Qf1 Rh8 48. Rxh8 Nxh8 49. Bxg4 Ng6 50. Bd1 Qe3 51. Qg2 Qg5 52. Qf2 Qf4 53. Qe1 Qd6 54. Bh5 Qe5 55. Qxb4 Qe3 56. Qxa3 f4 57. Qc1 Qg3 58. Qd1 Ne5 59. a4 f3 60. Bxf3 Nxf3 61. Qf1 Ke7 62. Kb2 Ne5 63. Qh1 Qf2 64. Qh7+ Kd6 65. Qe4 Nc6 66. Qg4 Ne5 67. Qe4 Nc6 68. Qg4 Qd2 69. Qg3+ Kc5 70. Qc7 Qc3+ 71. Kb1 Qe1+ 72. Kb2 Qc3+ 73. Kb1 Kb4 74. Qd6+ Qc5 75. Qf4 Ka5 76. Qc7+ Qb6 77. Qd6 e5 78. Qd5+ Ka6 79. Qc4+ Kb7 80. Kb2 Qb4 81. Qf7+ Kb6 82. Qd5 Qc3+ 83. Kb1 Qxc2+ 84. Ka1 Qc1+ 0-1

[Event "Hofheim Spring op 7th"]
[Site "Hofheim"]
[Date "2019.04.24"]
[Round "2"]
[White "Artola Pola, Gerardo"]
[Black "Turov, Maxim"]
[Result "0-1"]
[WhiteElo "1975"]
[BlackElo "2584"]
[PlyCount "32"]
[EventDate "2019.04.23"]
[EventType "swiss"]
[EventRounds "9"]
[EventCountry "GER"]
[SourceTitle "CBM 190 Extra"]
[Source "ChessBase"]
[SourceDate "2019.07.15"]
[SourceVersion "1"]
[SourceVersionDate "2019.07.15"]
[SourceQuality "1"]

1. e4 c5 2. g3 d5 3. exd5 Qxd5 4. Nf3 Bg4 5. Be2 Nc6 6. h3 Bf5 7. Nc3 Qd7 8. g4 Bg6 9. d3 f6 10. Be3 e5 11. Qd2 Nd4 12. 0-0-0 0-0-0 13. Nh4 Bf7 14. f4 exf4 15. Bxf4 g5 16. Bxg5 fxg5 0-1

[Event "Hofheim Spring op 7th"]
[Site "Hofheim"]
[Date "2019.04.23"]
[Round "1"]
[White "Nurgaliyev, Sauat"]
[Black "Artola Pola, Gerardo"]
[Result "1/2-1/2"]
[WhiteElo "1898"]
[BlackElo "1975"]
[PlyCount "142"]
[EventDate "2019.04.23"]
[EventType "swiss"]
[EventRounds "9"]
[EventCountry "GER"]
[SourceTitle "CBM 190 Extra"]
[Source "ChessBase"]
[SourceDate "2019.07.15"]
[SourceVersion "1"]
[SourceVersionDate "2019.07.15"]
[SourceQuality "1"]

1. d4 Nf6 2. Nf3 g6 3. g3 Bg7 4. Bg2 0-0 5. 0-0 d5 6. c4 Nc6 7. cxd5 Nxd5 8. e4 Nb6 9. d5 Na5 10. Nc3 c6 11. dxc6 Nxc6 12. Qe2 Bg4 13. Be3 Ne5 14. Rfd1 Qc8 15. Bxb6 Bxf3 16. Bxf3 Nxf3+ 17. Qxf3 Bxc3 18. Qxc3 Qxc3 19. bxc3 axb6 20. Rd7 Rfc8 21. Rxb7 Ra6 22. Rxe7 Rxc3 23. Rb7 Rc2 24. a3 Rb2 25. a4 b5 26. a5 b4 27. Rb6 Ra7 28. a6 b3 29. Rb7 Ra2 30. Rb1 R7xa6 31. R1xb3 Rf6 32. Rb2 Ra1+ 33. Kg2 Re1 34. R7b4 Re6 35. f3 g5 36. Kf2 Rc1 37. Rb5 h6 38. Ke3 Rc3+ 39. Kf2 Rf6 40. Rf5 Rxf5 41. exf5 Rc5 42. g4 Rc3 43. Kg3 Kg7 44. Rf2 Kf6 45. h4 Ra3 46. hxg5+ hxg5 47. Rh2 Kg7 48. Rh5 f6 49. Rh2 Rb3 50. Re2 Kf7 51. Kf2 Ra3 52. Re3 Ra2+ 53. Kg3 Ra4 54. Rb3 Ra2 55. f4 gxf4+ 56. Kxf4 Rg2 57. Rb7+ Kf8 58. Rb3 Kf7 59. Rg3 Rf2+ 60. Ke4 Rd2 61. g5 fxg5 62. Rxg5 Rd6 63. Rh5 Ra6 64. Rh7+ Kf8 65. Rd7 Rb6 66. Ke5 Ra6 67. f6 Ra1 68. Ke6 Re1+ 69. Kf5 Rf1+ 70. Kg6 Rg1+ 71. Kf5 Rf1+ 1/2-1/2

[Event "Hessenliga 1819"]
[Site "Hessen"]
[Date "2018.11.18"]
[Round "3.7"]
[White "Hohlbein, Jens"]
[Black "Artola Pola, Gerardo"]
[Result "0-1"]
[WhiteElo "1987"]
[BlackElo "1973"]
[PlyCount "114"]
[EventDate "2018.09.23"]
[EventType "team-tourn"]
[EventRounds "9"]
[EventCountry "GER"]
[SourceTitle "EXT 2020"]
[Source "ChessBase"]
[SourceDate "2019.10.17"]
[SourceVersion "1"]
[SourceVersionDate "2019.10.17"]
[SourceQuality "1"]
[WhiteTeam "Kassel"]
[BlackTeam "Frankfurt TV"]
[WhiteTeamCountry "GER"]
[BlackTeamCountry "GER"]

1. d4 Nf6 2. c4 g6 3. Nf3 Bg7 4. Nc3 d5 5. e3 0-0 6. Be2 dxc4 7. Bxc4 c5 8. dxc5 Qa5 9. 0-0 Qxc5 10. Be2 Nc6 11. Qb3 Qb4 12. Qxb4 Nxb4 13. Bd2 Bf5 14. Nd4 Bd3 15. a3 Bxe2 16. Ncxe2 Nd3 17. b3 Ne4 18. Ra2 Rac8 19. f3 Nec5 20. Rb1 Rfd8 21. Kf1 a6 22. Ba5 Rd6 23. Rd2 b6 24. Bc3 Ne5 25. Rdd1 Nc6 26. Nxc6 Rcxc6 27. Bxg7 Kxg7 28. Nd4 Rc7 29. Rbc1 Rcd7 30. b4 Nb3 31. Rc3 Nxd4 32. exd4 Rxd4 33. Rxd4 Rxd4 34. Ke2 Kf6 35. h4 Ke5 36. Rc7 Kd6 37. Ra7 a5 38. bxa5 bxa5 39. Rxa5 Rxh4 40. Ra6+ Ke5 41. Ra7 Ke6 42. a4 h5 43. g3 Rh2+ 44. Kf1 h4 45. gxh4 Rxh4 46. a5 g5 47. a6 Rf4 48. Ke2 g4 49. fxg4 Rxg4 50. Ra8 f5 51. Kf3 Ra4 52. a7 Ke5 53. Ke3 Ra3+ 54. Kf2 Ke4 55. Ke2 Ra2+ 56. Kf1 f4 57. Ke1 Ke3 0-1